| 000 | 01542nam a22003257a 4500 | ||
|---|---|---|---|
| 001 | BR2026000891 | ||
| 003 | BR-BrBNA | ||
| 005 | 20260407122442.0 | ||
| 008 | 260407b bl.||||| |||| 00| 0 por d | ||
| 040 |
_aBR-BrBNA _bpor |
||
| 041 | _apor | ||
| 072 | _aB50 | ||
| 090 |
_aB50 _bBR2026000891 |
||
| 100 | 0 |
_4aut. _aSerafim Leite, |
|
| 245 |
_aPáginas da Hitória da Brasil : _cSerafim Leite. |
||
| 250 | _a93. ed. | ||
| 260 |
_aSão Paulo, SP (Brasil) : _b₢ompanhia Editora Nacional, _c1937. |
||
| 300 | _a260p. | ||
| 490 |
_aColeção Brasiliana, _vv.93. |
||
| 500 | _aTexto em ortografia antiga. | ||
| 500 | _aObras de caráter histórico sobre Brasil colônia. | ||
| 520 | _aObra de Serafim Leite que reúne estudos e narrativas sobre episódios da formação histórica do Brasil, destacando especialmente a atuação dos jesuítas no período colonial. Em Páginas de História do Brasil, o autor aborda aspectos religiosos, educacionais e culturais, evidenciando o papel da Companhia de Jesus na organização social e na catequese indígena. A obra apresenta reflexões baseadas em documentação histórica, contribuindo para a compreensão do processo de colonização brasileira. | ||
| 546 | _aTexto em portugues com ortografia anatiga. | ||
| 650 | _aCOLONIZACAO | ||
| 650 | _aPROJETO DE COLONIZACAO | ||
| 650 | _aHISTORIA | ||
| 856 |
_3Disponivel na biblioteca nacional do MAPA, _uhttps://bdor.sibi.ufrj.br/bitstream/doc/175/1/93%20PDF%20-%20OCR%20-%20RED.pdf |
||
| 909 |
_a202604 _bNonato |
||
| 942 | _cBK | ||
| 999 |
_c341263 _d341263 |
||